|
|
|
|
| LEADER |
01432nam a22003495i 4500 |
| 001 |
34639 |
| 003 |
BD-DhAAL |
| 005 |
20190509100158.0 |
| 008 |
190509t2016 njua b 001 0 eng d |
| 999 |
|
|
|c 40729
|d 40729
|
| 010 |
|
|
|a 2015302780
|
| 020 |
|
|
|a 9788126558360
|
| 020 |
|
|
|a 9781118531778 (hbk : acid free paper)
|
| 020 |
|
|
|a 9781118981221 (BRV)
|
| 040 |
|
|
|a DLC
|b eng
|e rda
|c DLC
|d DLC
|d BD-DhAAL
|
| 042 |
|
|
|a pcc
|
| 050 |
0 |
0 |
|a QA372
|b .B75 2015
|
| 082 |
0 |
0 |
|a 515.35
|2 23
|
| 100 |
1 |
|
|a Brannan, James R.
|9 31561
|
| 245 |
1 |
0 |
|a Differential equations :
|b an introduction to modern methods and applications /
|c James R. Brannan, Clemson University, William E. Boyce, Rensselaer Polytechnic Institute ; with contributions by Mark A. McKibben, West Chester University.
|
| 250 |
|
|
|a Third edition.
|
| 260 |
|
|
|a Hoboken, NJ :
|b Wiley,
|c 2016
|
| 300 |
|
|
|a xiv, 673 pages :
|b illustrations ;
|c 26 cm
|
| 504 |
|
|
|a Includes bibliographic references (pages 664-665) and index.
|
| 526 |
|
|
|a MNS
|
| 541 |
|
|
|a Mullick & Brothers
|e 34639
|
| 650 |
|
0 |
|a Differential equations.
|9 31562
|
| 700 |
1 |
|
|a Boyce, William E.
|9 31563
|
| 700 |
1 |
|
|a McKibben, Mark A.
|9 31564
|
| 852 |
|
|
|a Ayesha Abed Library
|c General Stacks
|
| 942 |
|
|
|2 ddc
|c BK
|
| 952 |
|
|
|0 0
|1 0
|2 ddc
|4 0
|6 515_350000000000000_BRA
|7 0
|9 65414
|a BRACUL
|b BRACUL
|c GEN
|d 2019-04-24
|e Mullick & Brothers
|g 1000.00
|l 6
|m 9
|o 515.35 BRA
|p 3010034639
|r 2025-03-12
|s 2025-03-09
|t 1
|v 1000.00
|w 2019-04-24
|y BK
|